000 00361cam a22001217a 4500
008 180718b1979 xxu||||| |||| 00| 0 eng d
082 _aA99/K527 G76
100 _aGraham, G.F.I.
245 _aLife and work of Sir Syed Ahmed Khan
_cby G.F.I. Graham
260 _aKarachi
_bOxford Univ. Press
_c1979
300 _a296p.
650 _aKhan, Sir Syed Ahmed - Biography
999 _c391568
_d391568